Tezcoco en los últimos tiempos de sus antiguos reyes (Record no. 10215)

MARC details
000 -CABECERA
campo de control de longitud fija 01154nam a2200301 a 4500
001 - NÚMERO DE CONTROL
campo de control BRL_1405
005 - FECHA Y HORA DE LA ÚLTIMA TRANSACCIÓN
campo de control 20190320211204.0
008 - DATOS DE LONGITUD FIJA--INFORMACIÓN GENERAL
campo de control de longitud fija 130114s1970----mx-#######---#000-0#spa-#
041 ## - CÓDIGO DE LENGUA
Código de lengua del texto/banda sonora o título independiente spa
044 ## - CÓDIGO DEL PAÍS DE LA ENTIDAD EDITORA/PRODUCTORA
Código MARC del país mx
050 #4 - SIGNATURA TOPOGRÁFICA DE LA BIBLIOTECA DEL CONGRESO
Número de clasificación F1219.1
Número de documento/Ítem .B68 1970
100 1# - ENTRADA PRINCIPAL--NOMBRE DE PERSONA
Nombre de persona Boturini Benaducci, Lorenzo
Fechas asociadas al nombre 1702-1750
9 (RLIN) 26795
245 10 - MENCIÓN DE TÍTULO
Título Tezcoco en los últimos tiempos de sus antiguos reyes
260 ## - PUBLICACIÓN, DISTRIBUCIÓN, ETC.
Lugar de publicación, distribución, etc. México
Nombre del editor, distribuidor, etc. Biblioteca Enciclopédica del Estado de México
Fecha de publicación, distribución, etc. 1970
300 ## - DESCRIPCIÓN FÍSICA
Extensión 276 p.
Dimensiones 23 cm.
440 #0 - MENCIÓN DE SERIE/PUNTO DE ACCESO ADICIONAL--TÍTULO
Título Biblioteca Enciclopédica del Estado de México
9 (RLIN) 26796
500 ## - NOTA GENERAL
Nota general Au1683
500 ## - NOTA GENERAL
Nota general Estado físico: Pasta desprendida de la parte inferior
500 ## - NOTA GENERAL
Nota general Arriba del título: Carlos Maria de Bustamante.
500 ## - NOTA GENERAL
Nota general Edición facsimilar de la de 1826-27 preparada con un estudio e índice de nombres por Ernesto Lemoine
500 ## - NOTA GENERAL
Nota general Ver también número de sistema 2654 perteneciente al Fondo General Franz Mayer
650 14 - PUNTO DE ACCESO ADICIONAL DE MATERIA--TÉRMINO DE MATERIA
Término de materia o nombre geográfico como elemento de entrada México
Subdivisión general Historia
9 (RLIN) 564
651 #4 - PUNTO DE ACCESO ADICIONAL DE MATERIA--NOMBRE GEOGRÁFICO
Nombre geográfico Texcoco
Subdivisión general Historia
9 (RLIN) 26797
700 1# - PUNTO DE ACCESO ADICIONAL--NOMBRE DE PERSONA
Nombre de persona Bustamante, Carlos María de,
Fecha de publicación/de la obra 1774-1848
9 (RLIN) 555
700 1# - PUNTO DE ACCESO ADICIONAL--NOMBRE DE PERSONA
Nombre de persona Lemoine Villicaña, Ernesto
9 (RLIN) 26798
902 ## - CATALOGADOR
Iniciales GRL
942 ## - ELEMENTOS DE PUNTO DE ACCESO ADICIONAL (KOHA)
Fuente del sistema de clasificación o colocación Library of Congress Classification
Tipo de ítem Koha Libros
Holdings
Estado de retiro Estado de pérdida Estado dañado No para préstamo Localización permanente Ubicación/localización actual Fecha de adquisición Número de inventario Total de préstamos Signatura topográfica completa Código de barras Fecha visto por última vez Precio válido a partir de Tipo de ítem Koha
El ejemplar forma parte de la colección y puede ser consultado según las políticas vigentes.       Biblioteca Centro de Estudios Ruth D. Lechuga Biblioteca Centro de Estudios Ruth D. Lechuga 13/01/2014 Au1683   F1219.1 .B68 1970 (Au1683) GRL01562 22/03/2019 22/03/2019 Libros